Residential investment and sustainable communities (Record no. 102966)

MARC details
000 -LEADER
fixed length control field 01393cam a2200325 4500
008 - FIXED-LENGTH DATA ELEMENTS--GENERAL INFORMATION
fixed length control field 030714n2003 000 0 eng u
020 ## - INTERNATIONAL STANDARD BOOK NUMBER
International Standard Book Number 1904388027
035 ## - SYSTEM CONTROL NUMBER
System control number (Sirsi) u122980
041 ## - LANGUAGE CODE
Language code of text/sound track or separate title eng
050 ## - LIBRARY OF CONGRESS CALL NUMBER
Classification number 332.6324
-- 18
100 ## - MAIN ENTRY--PERSONAL NAME
Personal name Daly, Jacqueline
245 ## - TITLE STATEMENT
Title Residential investment and sustainable communities
260 ## - PUBLICATION, DISTRIBUTION, ETC.
Place of publication, distribution, etc. Reading
Name of publisher, distributor, etc. College of Estate Management
Date of publication, distribution, etc. 2003
300 ## - PHYSICAL DESCRIPTION
Extent 118p.
Dimensions 30cm.
350 ## - PRICE (NR) (BK AM CF MU VM SE) [OBSOLETE]
Price 75
490 ## - SERIES STATEMENT
Series statement College of Estate Management Research Report
520 ## - SUMMARY, ETC.
Summary, etc. Examines the scope for large-scale private investment in mixed-use developments and private rented housing in the UK, and considers whether government policy is encouraging sustainable communities. Looks at the UK housing policy framework; the UK financial and investment framework; residential investment and valuation practice; and makes comparisons with the Netherlands and Canada. Includes case studies and references.
650 ## - SUBJECT ADDED ENTRY--TOPICAL TERM
Topical term or geographic name entry element RESIDENTIAL INVESTMENT
650 ## - SUBJECT ADDED ENTRY--TOPICAL TERM
Topical term or geographic name entry element SUSTAINABLE COMMUNITIES
650 ## - SUBJECT ADDED ENTRY--TOPICAL TERM
Topical term or geographic name entry element MIXED-USE DEVELOPMENTS
650 ## - SUBJECT ADDED ENTRY--TOPICAL TERM
Topical term or geographic name entry element PRIVATE RENTED HOUSING
650 ## - SUBJECT ADDED ENTRY--TOPICAL TERM
Topical term or geographic name entry element HOUSING POLICY
690 ## - LOCAL SUBJECT ADDED ENTRY--TOPICAL TERM (OCLC, RLIN)
Topical term or geographic name as entry element INVESTMENT
700 ## - ADDED ENTRY--PERSONAL NAME
Personal name Pottinger, Gaye
700 ## - ADDED ENTRY--PERSONAL NAME
Personal name Dixon, Tim
710 ## - ADDED ENTRY--CORPORATE NAME
Corporate name or jurisdiction name as entry element College of Estate Management
9 (RLIN) 400
710 ## - ADDED ENTRY--CORPORATE NAME
Corporate name or jurisdiction name as entry element Royal Institution of Chartered Surveyors
Subordinate unit Foundation
9 (RLIN) 4173
710 ## - ADDED ENTRY--CORPORATE NAME
Corporate name or jurisdiction name as entry element Pat Allsop Charitable Trust
9 (RLIN) 4522
942 ## - ADDED ENTRY ELEMENTS (KOHA)
Suppress in OPAC 0
Holdings
Withdrawn status Lost status Source of classification or shelving scheme Damaged status Not for loan Home library Current library Shelving location Date acquired Cost, normal purchase price Total Checkouts Full call number Barcode Date last seen Date last checked out Copy number Cost, replacement price Price effective from Koha item type
    Other/Generic Classification Scheme     London London Folio 15/09/2003 63.75 5 F332.6324 DAL 30067775 06/08/2019 30/09/2004 1 63.75 06/08/2019 Book